00328nam a2200121 a 450000500170000000800410001702000180005805000180007624500570009426000370015130000090018844000090019720140513081053.0090910s19uu xx 00 eng d a1-876317-15-9 aKitbWIN 1997 aWinnie the pooh and the blustery day /cMilne, A. A. aAustralia :bWalt Disney,c1997. a24p. aPooh